| 000 | 00929 a2200241 4500 | ||
|---|---|---|---|
| 003 | Nust | ||
| 005 | 20170207154023.0 | ||
| 020 | _a0-596-00165-7 | ||
| 040 | _cNust | ||
| 082 | 0 | _a005.2 | |
| 100 | 1 | _aThai, Thuan | |
| 245 | 0 | 0 |
_a.NET framework essentials (E-BOOK) _cThuan Thai and Hoang Q. Lam |
| 260 |
_aSebastopol, Calif. : _bO'Reilly, _c2001 |
||
| 300 |
_axiv, 304 s. : _bill. |
||
| 505 | _aChapter 1. .NET Overview page-10 Chapter 2. The Common Language Runtime page-17 Chapter 3. .NET Programming page-42 Chapter 4. Working with .NET Components page-61 Chapter 5. Data and XML page-85 Chapter 6. Web Services page-117 Chapter 7. Web Forms page-149 Chapter 8. Windows Forms page-183 | ||
| 650 | 7 |
_aComputer software _xDevelopment |
|
| 650 | 7 | _aInternet programming | |
| 650 | 7 | _aInternet programming | |
| 650 | 7 | _aInternetprogrammering | |
| 650 | 7 | _aMicrosoft.net framework | |
| 651 | _aE-BOOK | ||
| 700 | 1 | _aLam, Hoang Q. | |
| 942 |
_2ddc _cBK |
||
| 999 |
_c191770 _d191770 |
||